| 000 | 00820nam a2200229Ia 4500 | ||
|---|---|---|---|
| 003 | OSt | ||
| 005 | 20220923215211.0 | ||
| 006 | a|||||r|||| 00| 0 | ||
| 007 | ta | ||
| 008 | 220922b |||||||| |||| 00| 0 hin d | ||
| 024 | _a176,526 | ||
| 037 | _cTextual | ||
| 040 |
_aARTS _cARTS _bhin |
||
| 041 |
_2hin _ahin |
||
| 082 | _aO152,1:gN, L7 | ||
| 100 | _aकौशिक, वीरेन्द्र | ||
| 245 | 0 | _aद्विवेदी युग की पृष्ठभूमि और नाथू राम शंकर | |
| 246 | _aDvivedī yug kī pṛuṣhṭhabhūmi aur nāthū rām shankara | ||
| 260 |
_aमेरठ _b अनुराधा प्रकाशन _c1977 |
||
| 942 |
_hO152,1:gN, L7 _cTEXL _2CC |
||
| 999 |
_c330076 _d330076 |
||